Welcome to CU Library Online Public Access Catalogue (OPAC)

Modern Pharmaceutics/ (Record no. 7740)

MARC details
000 -LEADER
fixed length control field 00527nam a22001697a 4500
005 - DATE AND TIME OF LATEST TRANSACTION
control field 20250925175938.0
008 - FIXED-LENGTH DATA ELEMENTS--GENERAL INFORMATION
fixed length control field 250925b |||||||| |||| 00| 0 eng d
020 ## - INTERNATIONAL STANDARD BOOK NUMBER
International Standard Book Number 9781841847733
050 ## - LIBRARY OF CONGRESS CALL NUMBER
Classification number RS200
Item number .M63
245 ## - TITLE STATEMENT
Title Modern Pharmaceutics/
Remainder of title abridged textbook
Statement of responsibility, etc. edited by Alexander T. Florence, Juergen Siepmann
250 ## - EDITION STATEMENT
Edition statement 5th ed.
260 ## - PUBLICATION, DISTRIBUTION, ETC.
Place of publication, distribution, etc. New York
Name of publisher, distributor, etc. Informa Healthcare
Date of publication, distribution, etc. 2010
300 ## - PHYSICAL DESCRIPTION
Extent viii. 634p.
Other physical details ill.
Dimensions 25.5cm
700 ## - ADDED ENTRY--PERSONAL NAME
Personal name Florence, Alexander T.
700 ## - ADDED ENTRY--PERSONAL NAME
Personal name Siepmann, Juergen
942 ## - ADDED ENTRY ELEMENTS (KOHA)
Source of classification or shelving scheme Library of Congress Classification
Koha item type Books
Edition 5th ed.
Suppress in OPAC No
999 ## -
-- 7740
-- 7740
Holdings
Withdrawn status Lost status Source of classification or shelving scheme Damaged status Not for loan Collection Home library Current library Shelving location Date acquired Total checkouts Full call number Barcode Date last seen Copy number Price effective from Koha item type
    Library of Congress Classification     Non-fiction Science Library (Miotso) Science Library (Miotso) General stacks 09/25/2025   RS200 .M63 MOD SLM00004428 09/25/2025 1 09/25/2025 Books
    Library of Congress Classification     Non-fiction Science Library (Miotso) Science Library (Miotso) General stacks 09/25/2025   RS200 .M63 MOD SLM00004429 09/25/2025 2 09/25/2025 Books
    Library of Congress Classification     Non-fiction Science Library (Miotso) Science Library (Miotso) General stacks 09/25/2025   RS200 .M63 MOD SLM00004430 09/25/2025 3 09/25/2025 Books
    Library of Congress Classification     Non-fiction Science Library (Miotso) Science Library (Miotso) General stacks 09/25/2025   RS200 .M63 MOD SLM00004431 09/25/2025 4 09/25/2025 Books
    Library of Congress Classification     Non-fiction Science Library (Miotso) Science Library (Miotso) General stacks 09/25/2025   RS200 .M63 MOD SLM00004432 09/25/2025 5 09/25/2025 Books
© 2023-2024 Copyright: Central University Libraries. All Rights Reserved | Created by: Mahone Tech Office